[Event "Manavgat Turkey Cup"]
[Site "Manavgat"]
[Date "2016.02.05"]
[Round "10"]
[White "Koc, Serkan"]
[Black "Celik, Adil"]
[Result "1-0"]
[WhiteElo "1755"]
[BlackElo "2028"]
[PlyCount "82"]
[EventDate "2016.01.30"]
[EventType "swiss"]
[EventRounds "11"]
[EventCountry "TUR"]
[SourceTitle "CBM 170 Extra"]
[Source "ChessBase"]
[SourceDate "2016.02.25"]
[SourceVersion "1"]
[SourceVersionDate "2016.02.25"]
[SourceQuality "1"]

1. e4 d5 2. exd5 Qxd5 3. Nc3 Qa5 4. d4 Nf6 5. Nf3 Bg4 6. h3 Bxf3 7. Qxf3 c6 8. Bd2 Qb6 9. 0-0-0 Qxd4 10. Be3 Qb4 11. Rd4 Qa5 12. Ra4 Qc7 13. Bxa7 Nbd7 14. Be3 Rxa4 15. Nxa4 e6 16. Kb1 Be7 17. Bd3 0-0 18. g4 Qa5 19. Nc3 Ne5 20. Qe2 Nxd3 21. Qxd3 Rd8 22. Qc4 Nd5 23. Nxd5 exd5 24. Qd3 c5 25. Bd2 Qa4 26. b3 Qc6 27. Re1 c4 28. Qf3 cxb3 29. axb3 Bf6 30. g5 Bd4 31. c3 Bc5 32. b4 Bf8 33. Qg3 Ra8 34. Kb2 g6 35. Ra1 Re8 36. Re1 Rd8 37. Re5 Bg7 38. Re7 d4 39. Kb3 b5 40. c4 Ra8 41. cxb5 Qxb5 1-0

[Event "Manavgat Turkey Cup"]
[Site "Manavgat"]
[Date "2016.02.02"]
[Round "6"]
[White "Bayrak, Beril"]
[Black "Celik, Adil"]
[Result "0-1"]
[WhiteElo "1537"]
[BlackElo "2028"]
[PlyCount "128"]
[EventDate "2016.01.30"]
[EventType "swiss"]
[EventRounds "11"]
[EventCountry "TUR"]
[SourceTitle "CBM 170 Extra"]
[Source "ChessBase"]
[SourceDate "2016.02.25"]
[SourceVersion "1"]
[SourceVersionDate "2016.02.25"]
[SourceQuality "1"]

1. d4 d5 2. c4 e6 3. Nc3 Nf6 4. Nf3 c5 5. cxd5 exd5 6. dxc5 Bxc5 7. Bg5 Be6 8. e3 Be7 9. Bb5+ Nc6 10. Ne5 Qc7 11. Nf3 0-0 12. Rc1 Qb6 13. 0-0 Rfd8 14. Qe2 a6 15. Ba4 d4 16. exd4 Nxd4 17. Nxd4 Qxd4 18. Rfd1 Qc5 19. Be3 Rxd1+ 20. Bxd1 Qa5 21. a3 Bg4 22. f3 Bd7 23. Bd2 Re8 24. Ne4 Qd8 25. Bg5 Nxe4 26. Bxe7 Rxe7 27. fxe4 Bc6 28. e5 Qd4+ 29. Qf2 Qxe5 30. Bf3 Bxf3 31. Qxf3 g6 32. Rc8+ Kg7 33. Qc3 Qxc3 34. Rxc3 b5 35. Rc6 Re6 36. Rc7 g5 37. Kf2 Kg6 38. g4 h6 39. h3 f5 40. gxf5+ Kxf5 41. b4 Ke4 42. Rc3 Kd4 43. Rf3 Re4 44. Rb3 Kc4 45. Rg3 Rf4+ 46. Ke2 Re4+ 47. Kd2 Kd5 48. Kc3 Ke5 49. Rf3 h5 50. Kd3 Rd4+ 51. Ke3 Rf4 52. Rg3 Kf5 53. Kd3 g4 54. hxg4+ hxg4 55. Ke3 Rc4 56. Kd3 Kf4 57. Rg1 g3 58. Ke2 Rc3 59. a4 bxa4 60. Ra1 a3 61. Kd2 Rb3 62. Kc2 Rf3 63. Kd2 Rf2+ 64. Ke1 a2 0-1

[Event "Manavgat Turkey Cup"]
[Site "Manavgat"]
[Date "2016.01.31"]
[Round "3"]
[White "Celik, Adil"]
[Black "Karahan, Anil"]
[Result "1-0"]
[WhiteElo "2028"]
[BlackElo "1711"]
[PlyCount "78"]
[EventDate "2016.01.30"]
[EventType "swiss"]
[EventRounds "11"]
[EventCountry "TUR"]
[SourceTitle "CBM 170 Extra"]
[Source "ChessBase"]
[SourceDate "2016.02.25"]
[SourceVersion "1"]
[SourceVersionDate "2016.02.25"]
[SourceQuality "1"]

1. e4 e6 2. d4 d5 3. Nc3 Nf6 4. Bg5 Be7 5. e5 Nfd7 6. Bxe7 Qxe7 7. Nf3 a6 8. Be2 c5 9. 0-0 cxd4 10. Qxd4 Nc6 11. Qf4 0-0 12. a3 f6 13. exf6 Nxf6 14. Qh4 e5 15. Rad1 e4 16. Nd4 Qe5 17. f4 Qc7 18. Kh1 Qb6 19. Nb3 Be6 20. f5 Bf7 21. Qf4 d4 22. Na4 Qa7 23. Nac5 Rae8 24. Ne6 Bxe6 25. fxe6 b5 26. Qd6 Nd8 27. Nxd4 Re7 28. Nc6 Nxc6 29. Qxc6 Rfe8 30. Rd6 Rc7 31. Qxa6 Qxa6 32. Rxa6 Rxc2 33. Bxb5 Rb8 34. b3 h5 35. Bc4 Kh7 36. h3 Kg6 37. e7 Kg5 38. Ra5+ Kg6 39. Re5 e3 1-0